000
00285nam a2200121Ia 4500
008
190216s9999||||xx |||||||||||||| ||und||
100
_a
Bharadendu Harichandar
245
0
_a
Hindi-Sampoorna Natak
260
_b
Balagi Prakashan
_c
2010
300
_a
200
650
_a
Hindi
942
_c
BK
999
_c
16748
_d
16748